SkyTrax's Top 100 Airlines of 2018 - Statistics

General Stats
  • This quiz has been taken 119 times
  • The average score is 80 of 100
Answer Stats
Rank Airline Country Main Hub(s) % Correct
93 Air China China Beijing-Capital International Airport, Chengdu Shuangliu International Airport
100%
7 Lufthansa Germany Frankfurt Airport, Munich Airport
100%
2 Qatar Airways Qatar Hamad International Airport
100%
1 Singapore Airlines Singapore Singapore Changi Airport
100%
12 Swiss International Air Lines Switzerland Zurich Airport
100%
10 Thai Airways Thailand Bangkok-
100%
25 Air France France Charles de Gaulle Airport, Orly Airport
99%
4 Emirates United Arab Emirates Dubai International Airport
99%
11 Qantas Airways Australia Suvarnabhumi Airport, Phuket International Airport
99%
30 Air Canada Canada Calgary International, Montréal-Pierre Elliott Trudeau International, Toronto Pearson International, Vancouver International
98%
16 Austrian Airlines Austria Vienna International Airport
98%
13 Japan Airlines Japan Haneda International Airport, Narita International Airport
98%
19 KLM Royal Dutch Airlines Netherlands Amsterdam Airport Schiphol
98%
34 Malaysia Airlines Malaysia Kuala Lumpur International Airport
98%
18 Turkish Airlines Turkey Esenboğa International Airport, Atatürk International, Sabiha Gökçen International
98%
17 Air New Zealand New Zealand Auckland Airport, Christchurch International Airport, Wellington International Airport
96%
35 China Airlines Taiwan Taoyuan International Airport
96%
23 Aeroflot Russia Sheremetyevo International Airport
95%
6 Cathay Pacific Airways Hong Kong Hong Kong International Airport
95%
45 South African Airways South Africa O.R. Tambo International Airport
95%
71 American Airlines United States Chicago-O'Hare International Airport
94%
3 ANA All Nippon Airways Japan Haneda International Airport, Narita International Airport
94%
31 British Airways England Heathrow Airport, Gatwick Airport
94%
37 Delta Air Lines United States Hartsfield-Jackson Atlanta International Airport
94%
40 Ethiopian Airlines Ethiopia Bole International Airport
94%
27 Finnair Finland Helsinki Airport
94%
9 Garuda Indonesia Indonesia Soekarno-Hatta International, Ngurah Rai International, Sultan Hasanuddin International, Kualanamu International
94%
41 Iberia Spain Adolfo Suárez Madrid-Barajas Airport
94%
80 Jet Airways India Chhatrapaji Shivaji International Airport
94%
33 Korean Air South Korea Incheon International Airport, Gimpo International Airport
94%
15 Etihad Airways United Arab Emirates Abu Dhabi International Airport
93%
75 Alitalia Italy Leonardo da Vinci-Fiumicino Airport
92%
88 United Airlines United States Chicago-O'Hare International Airport
92%
14 China Southern Airlines China Beijing-Capital International Airport, Guangzhou Baiyun International Airport
90%
36 Aer Lingus Ireland Dublin Airport
89%
44 Oman Air Oman Muscat International Airport
89%
32 Norwegian Norway Gatwick Airport, Helsinki Airport, Oslo Airport
88%
50 Vietnam Airlines Vietnam Noi Bai International Airport, Tan Son Nhat International Airport
88%
5 EVA Air Taiwan Taoyuan International Airport
87%
87 Icelandair Iceland Keflavík International Airport
87%
63 LATAM Chile and Brazil Comodoro Arturo Merino Benítez International, Jorge Chávez International, São Paulo-Guarulhos International, El Dorado International
87%
64 Ryanair Ireland Dublin Airport
87%
65 Fiji Airways Fiji Nadi International Airport
86%
85 Kenya Airways Kenya Jomo Kenyatta International Airport
86%
72 TAP Air Portugal Portugal Lisbon Airport
86%
38 Alaska Airlines United States Seattle/Tacoma International Airport
84%
24 Asiana Airlines South Korea Gimpo International Airport, Incheon International Airport
84%
74 Brussels Airlines Belgium Brussels Airport
84%
76 China Eastern Airlines China Hongqiao International Airport, Pudong International Airport
84%
43 EasyJet England Gatwick Airport, Luton Airport
84%
39 Aegean Airlines Greece Athens International Airport, Larnaca International Airport, Thessaloniki International Airport
83%
97 Aeromexico Mexico Mexico City International Airport
83%
28 AirAsia Malaysia Kuala Lumpur International Airport
82%
20 Hong Kong Airlines Hong Kong Hong Kong International Airport
82%
57 Southwest Airlines United States Dallas-Fort Worth International Airport
82%
95 SriLankan Airlines Sri Lanka Bandaranaike International Airport
82%
51 Avianca Colombia El Dorado International Airport
81%
42 jetBlue Airways United States John F. Kennedy International Airport
81%
49 Philippine Airlines Philippines Ninoy Aquino International Airport
81%
90 Royal Jordanian Airlines Jordan Queen Alia Airport
81%
84 Air Malta Malta Malta International Airport
80%
60 SAS Scandinavian Sweden Copenhagen Airport, Stockholm Arlanda Airport, Oslo Airport
80%
54 WestJet Canada Calgary International, Toronto Pearson International, Vancouver International
80%
8 Hainan Airlines China Beijing-Capital International Airport, Haikou Meilan International Airport
78%
22 Virgin Australia Australia Auckland Airport, Brisbane Airport, Melbourne Airport, Sydney Airport
78%
82 Air Seychelles Seychelles Seychelles International Airport
77%
58 Azerbaijan Airlines Azerbaijan Heydar Aliyev International Airport
77%
29 Virgin Atlantic England Heathrow Airport, Gatwick Airport, Manchester Airport
77%
69 Air Mauritius Mauritius Sir Seewoosagur Ramgoolam International Airport
76%
66 Copa Airlines Panama Tocumen International Airport
75%
77 Hawaiian Airlines United States Daniel K. Inouye International Airport, Kahului Airport
73%
48 Air Astana Kazakhstan Almaty International Airport, Astana International Airport
72%
67 LOT Polish Poland Warsaw Chopin Airport, Budapest Ferenc Liszt International Airport
72%
89 Gulf Air Bahrain Bahrain International Airport
71%
59 Eurowings Germany Düsseldorf Airport
70%
46 Jetstar Airways Australia Melbourne Airport
70%
78 Royal Brunei Airlines Brunei Brunei International Airport
70%
98 S7 Airlines Russia Domodedovo International Airport, Tolmachevo Airport
66%
61 Scoot Singapore Singapore Changi Airport
66%
94 Vueling Spain Barcelona-El Prat Airport, Leonardo da Vinci-Fiumicino International Airport
66%
55 IndiGo India Indira Gandhi International Airport
65%
52 Saudi Arabian Airlines Saudi Arabia King Abdulaziz International, King Khalid International, King Fahd International
65%
26 Cathay Dragon Hong Kong Hong Kong International Airport
64%
53 Azul Airlines Brazil Tancredo Neves International, Guararapes-Gilberto Freyre International, Viracopos International
63%
21 Bangkok Airways Thailand Suvarnabhumi Airport
60%
47 AirAsia X Malaysia Kuala Lumpur International Airport
58%
68 Air Transat Canada Montréal-Trudeau International Airport, Toronto Pearson International Airport
58%
56 SilkAir Singapore Singapore Changi Airport
58%
83 Air Dolomiti Italy Munich Airport
51%
92 Jet2.com England Leeds Bradford Airport
51%
91 Peach Japan Kansai International Airport, Naha Airport
48%
86 Vistara India Indira Gandhi International Airport
48%
73 TUI Airways England Luton Airport
47%
62 Porter Airlines Canada Billy Bishop Toronto City Airport
46%
79 American Eagle United States Dallas-Fort Worth International Airport
42%
81 Juneyao Airlines China Hongqiao International Airport, Pudong International Airport
41%
99 PAL Express Philippines Ninoy Aquino International Airport
41%
96 Air Nostrum Spain Barcelona-El Prat Airport, Madrid-Barajas Airport, Valencia Airport
39%
100 AtlasGlobal Turkey Istanbul Atatürk Airport
37%
70 Jetstar Asia Singapore Singapore Changi Airport
36%
No matching quizzes found
Score Distribution
Percent of People with Each Score
Percentile by Number Answered
Your Score History
You have not taken this quiz